000 00621nam a22001937a 4500
003 DO-CoUTE
005 20260518135947.0
008 260518b dr ||||| |||| 00| 0 spa d
040 _aDO-CoUTE
_bspa
_cDO-CoUTE
082 _aRD 861.44C177C
100 1 _aDel Cabral, Manuel
_eAutor
245 1 0 _aCompadre Mon /
_cManuel del Cabral
260 _aSanto Domingo :
_bInstituto Superior de Formación Docente Salomé Ureña (ISFODOSU),
_c2024
300 _a204 Paginas
_c23cm,
504 _aIncluye referencia bibliográfica e índice.
650 4 _aPoema
700 1 _aManuel Del Cabral
_eAutor
942 _2ddc
_cBK
999 _c24198
_d24198